[Event "Toronto NAYCC U16 Girls"]
[Site "Toronto"]
[Date "2013.08.18"]
[Round "9"]
[White "Xiang, Ellen"]
[Black "D'Alonzo, Jovanna"]
[Result "1-0"]
[WhiteElo "2072"]
[BlackElo "1137"]
[PlyCount "59"]
[EventDate "2013.08.14"]
[EventType "swiss"]
[EventRounds "9"]
[EventCountry "CAN"]
[SourceTitle "EXT 2022"]
[Source "ChessBase"]
[SourceDate "2021.10.06"]
[SourceVersion "1"]
[SourceVersionDate "2021.10.06"]
[SourceQuality "1"]

1. d4 f5 2. c4 e6 3. Nf3 Nf6 4. g3 Be7 5. Bg2 0-0 6. 0-0 Nc6 7. b3 b6 8. Ne5 Bb7 9. Nc3 Bb4 10. Bb2 Bxc3 11. Bxc3 d5 12. Bb2 Qd6 13. Rc1 Nd7 14. Ba3 Qxa3 15. Nxd7 Rfd8 16. cxd5 exd5 17. Bxd5+ Kh8 18. Bxc6 Bxc6 19. Rxc6 Rxd7 20. Qc2 Rxd4 21. Rxc7 Rdd8 22. Rc1 Qxc1+ 23. Qxc1 Re8 24. Qg5 Rg8 25. Qxf5 a5 26. Rb7 Rad8 27. Rxb6 Rb8 28. Rxb8 Rxb8 29. Qxa5 Rd8 30. Qxd8# 1-0